00462nam a2200145Ia 4500008004100000020001800041082001400059100002400073245003800097260001000135500000900145942000700154952014000161999001500301260604s9999 xx 000 0 und d a9780709718291 a808.3 WAT aBrown Watson935288 0aIllustrated Stories For Boys (BW) bSHREE aBoys cBK 00104070aIIMVbIIMVcChildren collectiond2026-06-04g899.00l0o808.3 WATp003675r2026-06-04 10:18:47v899.00w2026-06-04yBKBWAT c8057d8057